000 00671nam a2200205Ii 4500
003 JO-AjNU
008 230605s9999||||xx |||||||||||||| ||und||
040 _aJO-AjNU
_bara
_erda
_cJO-AjNU
041 _aara
050 1 4 _aKRM28.W3482.1980
100 3 _aتأليف وهبى ، شوقي / م . مشارك مهى مشرمى,
_eauthor
_947016
245 0 0 _aالصيغ القانونية للأوراق القضائية
250 _aط3
264 3 1 _aالقاهرة : د ، ن ، 1980
300 _a742ص
336 _atext
_btxt
_2rdacontent
337 _aunmediated
_bn
_2rdamedia
338 _avolume
_bnc
_2rdacarrier
650 4 _aقضاء مدني -- مصر
_947017
999 _aA20495
_c24063
_d24063